Les 24 gouvernorats de la Tunisie - Statistiques

Statistiques générales
  • Ce quiz a été pris 198 fois
  • Le résultat moyen est 14 sur 24
Statistiques - réponses
N gouvernorat % Correct
1 Tunis
98%
12 Sousse
96%
24 Sfax
88%
5 Bizerte
80%
15 Monastir
73%
21 Gabès
71%
23 Tataouine
67%
6 Nabeul
64%
2 Ariana
63%
18 Gafsa
57%
17 Kairouan
57%
19 Tozeur
57%
10 Le Kef
56%
22 Médenine
56%
3 Ben Arous
51%
8 Béja
50%
9 Jendouba
49%
16 Mahdia
48%
14 Sidi Bouzid
41%
4 La Manouba
38%
13 Kasserine
35%
7 Zaghouan
35%
11 Siliana
31%
20 Kebili
24%
Aucun quiz correspondant
Distribution des résultats
% des personnes avec chaque résultat
Percentile par nombre de réponses
Votre historique - résultats
Vous n’avez pas pris ce quiz